Bayern Kader 22/23 - Statistiken

Allgemein
  • Dieses Quiz wurde 228 mal gespielt
  • Das Durchschnittsergebnis liegt bei 18 aus 27
Antwortstatistiken
Hint Antwort % Korrekt
#1 Neuer
99%
#6 Kimmich
93%
#25 Müller
93%
#10 Sane
92%
#7 Gnabry
91%
#8 Goretzka
87%
#42 Musiala
84%
#26 Ulreich
84%
#27 Sommer
80%
#2 Upamecano
80%
#5 Pavard
79%
#4 De ligt
74%
#11 Coman
73%
#17 Mane
72%
#19 Davies
68%
#13 Choupo-Moting
62%
#21 Hernandez
61%
#38 Gravenberch
58%
#39 Tel
58%
#44 Stanisic
52%
#22 Cancelo
50%
#40 Mazraoui
43%
#14 Wanner
41%
#20 Sarr
38%
#23 Blind
33%
#46 Ibrahimovic
32%
#35 Schenk
27%
Keine übereinstimmenden Quizze gefunden
Verteilung der Resultate
Anzahl Personen mit jedem Resultat
Perzentil nach korrekt beantworteten Fragen
Ihre Resultats-Entwicklung
Sie haben dieses Quiz noch nicht gespielt